MDQL
is popping MORE tags! Check the
thread
!
Quizzes
Events
Quiz Creation
Community
Videos
Private Events
Remove Ads
Sign In
Join for FREE
Feedback
Dark Mode
Quiz Categories
Sports
Geography
Music
Movies
Television
Just For Fun
Miscellaneous
History
Literature
Language
Science
Gaming
Entertainment
Religion
Holiday
For Kids
Quiz Lab
Recent
Popular Today
Quiz Kudos Today
Editor Picks
Curator Picks
Quizzes by...
Day
Popularity
Type
Ratings
Length
Year
Community
Subscriptions
Recent Discussions
Orange Saloon
Badges
Playlists
Quests
Create
Leaderboards
Showdown
Live 5
Trivia Bingo
Activity
Puzzle Library
Sporcle Events
Private Events
Virtual Trivia
Globe League
Become a Host
Pub Owners
SporcleCon
Opinionation
Our Games
Videos
Blog
Mobile Apps
Partnerships
Remove Ads and Go Orange
Feedback
Sports
Athletes
MLB
NBA
NHL
NFL
Soccer
Sports Teams
WWE
NCAA
Football
Premier League
Basketball
Baseball
Hockey
Golf
Tennis
Cricket
Rugby
Auto Racing
Olympics
World Cup
Sports
Athletes
MLB
NBA
NHL
NFL
Soccer
Sports Teams
WWE
NCAA
Football
Premier League
Basketball
Baseball
Hockey
Golf
Tennis
Cricket
Rugby
Auto Racing
Olympics
World Cup
Random Quiz
Search Sporcle
×
Quiz Lab
Quiz Lab
Sports
Numbers
Type in answers that appear in a list
Type in answers that appear in a list
Classic
Best Score? Go Orange.
Colleges Represented in Super Bowl XLIV Stats
Can you name the Colleges Represented in Super Bowl XLIV?
By
JumpAroundUW
10m
75 Questions
4,052 Plays
4,052 Plays
4,052 Plays
Comments
Comments
Give Quiz Kudos
Give Quiz Kudos
-
- Ratings
hide this ad
More Info
Replay
Link that replays current quiz
Next Quiz
Link to next quiz in quiz playlist
You Got
0%
They Got
Avg Score
47%
Avg Friend Score
Upgrade to see
Score Distribution
Jump to the score distribution portion of the page
Score
0/75
Timer
10:00
0
Plays Today
Number of Players
College
% Correct
3
USC
92.6%
1
Florida
90.9%
4
Tennessee
89.8%
3
Miami (FL)
88.8%
1
Texas
88.4%
3
Michigan
87.8%
2
Ohio State
86.5%
3
LSU
80.9%
1
Alabama
80.2%
2
Oklahoma
79.7%
2
Purdue
79.7%
2
Georgia
76.7%
1
Michigan State
75.5%
1
Washington
74.1%
1
North Carolina
73.6%
1
Texas Tech
71.2%
1
Oregon State
70.2%
1
Arizona
69.7%
2
Illinois
69.4%
2
Indiana
67.3%
2
Arizona State
66.2%
1
California
66.1%
1
Wisconsin
66.1%
1
Texas A&M
64.2%
3
Georgia Tech
63.6%
1
Kentucky
62.7%
1
Arkansas
61.8%
1
Virginia Tech
61.8%
3
Nebraska
61.6%
1
South Carolina
60.9%
2
Kansas State
60.6%
1
Auburn
58.3%
1
Syracuse
57.4%
1
Stanford
56.8%
1
Missouri
55.7%
1
Connecticut
53.5%
1
West Virginia
53.2%
2
BYU
52%
Number of Players
College
% Correct
2
Pittsburgh
50.9%
1
North Carolina State
50%
1
Clemson
47.7%
2
Iowa
46.9%
2
Rutgers
45%
2
Oklahoma State
43.7%
1
TCU
42.1%
2
Northwestern
41.7%
1
Baylor
41%
1
New Mexico
39.6%
2
Boston College
35.7%
1
Cincinnati
35.4%
1
Hofstra
28.9%
1
Navy
23.4%
1
SMU
22.7%
1
Mount Union
21.1%
1
Temple
20.4%
1
San Diego State
19.2%
1
Toledo
19%
1
Central Michigan
18.1%
1
Buffalo
16.3%
2
Kent State
14.7%
1
William and Mary
13.7%
1
Northern Illinois
13.6%
1
Louisiana Tech
12.8%
1
Brown
9.3%
1
Idaho State
9.2%
1
North Dakota State
8.5%
1
South Dakota State
7.5%
1
Howard
4.8%
1
Alabama A&M
3.8%
1
Bloomsburg
3.6%
1
Towson
2.6%
1
Morgan State
1.2%
1
Saginaw Valley State
0.9%
1
Missouri Western State
0.6%
1
Sherbrooke
0.5%
Quiz Playlist
Details
Report
Send in Message
Add To Playlist
More Info:
Source: Saints and Colts Official Pages
Classic:
Type in answers that appear in a list
Last Updated: Aug 15, 2017
Quiz Scoreboard
CHALLENGE
Sign Up to Join the Scoreboard
Show All
Scores
Hide
Comments
May contain spoilers
Recently Published
5x2 Blitz: Bands
by SL_Kpop136
Music
30s
Colored Red Africa Blitz
by spor1
Geography
30s
Find the 'City' Movie
by crazypaving
Movies
60s
More to Explore
Quiz From the Vault
Featured Blog Post
14 Easter Pick-up Lines to Find Eggs With
hide this ad
You Might Also Like...
Tags
College Quiz
Numbers Quiz
Bowl
Player
Represented
Super Bowl
XLIV
Today's Top Quizzes in Sports
Browse Sports
hide this ad
Today's Top Quizzes in Numbers
Browse Numbers
Top Contributed Quizzes in Sports
1
Players with Multiple 50 Home Run Seasons
2
Les entraîneurs de l'OM et du PSG au 21e siècle
3
Criteria MLB: Left Handed Sluggers
4
2022 World Cup Stars
5
Les meilleurs buteurs des matchs entre le PSG et l’OM
6
Who Hit More Homers?
7
Les joueurs passés par le PSG et l'OM
8
NBA Logic Puzzle 2.0
9
Top 10 NHL Goal Scorers of All Time
10
MLB Players with Two .350 Batting Average Seasons
Explore More
Trending Topics
NBA
Harry Potter
Kpop
Crossword
Anime
Disney
Marvel
Soccer
WWE
Country
Song
The Office
Pokémon
NFL
Puzzle
hide this ad
More By:
JumpAroundUW
Quiz
Plays
Rating
Category
Featured
Created
50 Best MLB Players of the Next 5 Years
6,925
2.45
Sports
Jun 9, 2010
Pac-10 Conference Cities
6,441
3.62
Geography
Jan 15, 2010
MLB: Best Individual Seasons
5,551
4.16
Sports
Aug 15, 2010
Colleges Represented in Super Bowl XLIV
4,052
4.29
Sports
Feb 7, 2010
SEC (NCAA) Cities by Population
3,015
4.17
Geography
Jan 15, 2010
Go to Creator's Profile
Score Distribution
Quiz Creator Spotlight
JumpAroundUW
Follow
Send a Message
Quizzes Created
-
Created Quiz Play Count
-
More By This Creator
Popular Quizzes Today
1
Colored Red Africa Blitz
2
Find the 'City' Movie
3
Find the US States - No Outlines Minefield
4
5x2 Blitz: Bands
5
The Countries of the World
6
Find the US States
7
US States
8
9x9 Crossword: Cartoon Network
More Sports Quizzes
Orioles Retired Numbers (Picture Click)
Curator's Pick
Trending Quizzes
Colored Red Europe Blitz I
Colored Red Europe Blitz II
Colored Red Africa Blitz II
Colored Red Europe Blitz III
Colored Red Africa Blitz III
Recently Updated
How Do You Spell That?
pecheneg
Godzilla Movies
pecheneg
Grab Bag: 4-10 Letters
pecheneg
2024 March Madness Bracket
pecheneg
Famous TV Couples
Peacemaker
Champions League XIs: Real Madrid
pecheneg
Largest US Cities 1790-2010
pecheneg
Rides in Walt Disney World
pecheneg
Most Oscar Losses (Acting)
pecheneg
Beyoncé Albums
pecheneg
Trending Topics
NBA
Disney
Kpop
Anime
Harry Potter
Crossword
Marvel
Song
Country
WWE
NFL
Soccer
The Office
Puzzle
Pokémon
Your Account Isn't Verified!
In order to create a playlist on Sporcle, you need to verify the email address you used during registration. Go to your
Sporcle Settings
to finish the process.
Report this User
Report this user for behavior that violates our
Community Guidelines
.
Details:
Send Report
Go to the Sporcle.com Mobile Site →
Comments